| 000 | 00761nam a22002057a 4500 | ||
|---|---|---|---|
| 005 | 2010081401351.0 | ||
| 010 | _aENG-100659 | ||
| 020 |
_a9788190623575 _c10.00 |
||
| 035 | _aEN-84192 | ||
| 037 | _bDBAD/PUB | ||
| 082 | _a305.5688 | ||
| 245 |
_aReservation support, opposition and our position / _ctranslated from by Shivani |
||
| 260 |
_aLucknow _bRahul Foundation _c2008 |
||
| 270 |
_bLucknow _e226006 _a69, Baba Ka Purwa, Paper Mill Road, Nishatgunj, |
||
| 300 |
_a26p. _c21cm (pbk) |
||
| 490 |
_aAhwan Reprint series-2 _914127 |
||
| 700 |
_aShivani _914128 |
||
| 942 |
_2ddc _cEN _h305.5688 _mRES |
||
| 999 |
_c42214 _d42214 |
||